000 01574nam a2200241Ia 4500
999 _c52030
_d52030
001 19034
003 GE_BSU
005 20220920102432.0
008 181216s2012||||ge |||||||||||||| ||geo||
040 _cGE_BSU
041 _ageo
080 _a 81 მ-52
100 _aმელაძე, არმაზ
_911681
245 _aენის ლოგიკა და ენობრივი სტრუქტურა ლინგვისტურ - ფილოსოფიური თარგმანის თეორიასთან მიმართებით: დისერტაცია /
_cარმაზ მელაძე; სამეცნიერო ხელმძღვანელი ნანა ბოლქვაძე; ბათუმის შოთა რუსთაველის სახ-ფო უნ-ტი.
264 _aბათუმი,
_c2012.
300 _a115 გვ. ;
_b30 სმ.
653 _aდისერტაცია
653 _aენათმეცნიერება
653 _aენის ლოგიკა და ენობრივი სტრუქტურა ლინგვისტურ-ფილოსოფიური თარგმანის თეორიასთან მიმართებით
700 _aბოლქვაძე, ნანა
_eსამეცნიერო ხელმძღვანელი
_911682
710 _aბათუმის შოთა რუსთაველის სახ-ფო უნ-ტი
_911683
942 _cBK
_2udc